000 00771nam a2200289Ia 4500
005 20260324112422.0
008 008 260324s9999 xx 000 0 eng d
020 _a9781003349440
037 _aEBOOK
040 _aCRL
040 _beng
040 _cCRL
041 _2eng
041 _aeng
084 _qCRL
100 _aAli Berquez; Martha Jeffery
_91142615
245 0 _aSolution Focused Brief Therapy with Children and Young People who Stammer and their Parents
245 2 _bA Practical Guide from the Michael Palin Centre
260 _bTaylor and Francis
260 _c2024
365 _a
365 _b230
856 _uhttp://www.taylorfrancis.com/books/9781003349440
942 _cEBOOK
999 _c1731813
_d1731813